Subdivision capitals closest to Haskovo (BG) - Statistics

General Stats
  • This quiz has been taken 13 times
  • The average score is 12 of 20
Answer Stats
Distance (km) Answer % Correct
3 71 Plovdiv
100%
20 202 Sofija
100%
15 170 Burgas
75%
9 105 Pazardžik
75%
16 181 Pleven
75%
8 104 Sliven
75%
2 55 Stara Zagora
75%
17 186 Šumen
75%
11 127 Veliko Trnovo
75%
5 87 Edirne
50%
7 99 Jambol
50%
1 36 Krdžali
50%
13 151 Loveč
50%
18 194 Razgrad
50%
19 195 Tekirdağ
50%
10 107 Gabrovo
25%
12 139 Kırklareli
25%
6 92 Komotiní
25%
4 82 Smoljan
25%
14 168 Trgovište
25%
No matching quizzes found
Score Distribution
Percent of People with Each Score
Percentile by Number Answered
Your Score History
You have not taken this quiz